Normal view
MARC view
Entry Término temático
001 - NÚMERO DE CONTROL
- campo de control: 21945
003 - IDENTIFICADOR DEL NÚMERO DE CONTROL
- campo de control: FranzMayer
005 - FECHA Y HORA DE LA ÚLTIMA TRANSACCIÓN
- campo de control: 20190320210423.0
008 - DATOS DE LONGITUD FIJA
- campo de control de longitud fija: 190320|| aca||aabn | a|a d
040 ## - FUENTE DE LA CATALOGACIÓN
- Centro catalogador/agencia de origen: FranzMayer
- Centro/agencia transcriptor: FranzMayer
150 ## - ENCABEZAMIENTO--TÉRMINO DE MATERIA
- Término de materia o nombre geográfico como elemento de entrada: Cosmología
- Subdivisión de forma: Tratados, manueales, etc.
670 ## - FUENTE DE DATOS ENCONTRADOS
- Cita de la fuente: Work cat.: (FranzMayer): Garau, Francisco (S.I.) 21944, El olimpo del sabio instrvido de la naturaleza y segunda parte de las máximas políticas, y morales ilustradas con todo genero de erudición sacra, y humana, 1681